Ľudové masky /
Uložené v:
| Hlavný autor: | |
|---|---|
| Ďalší autori: | , |
| Médium: | Kniha |
| Jazyk: | Slovak |
| Vydané: |
Bratislava :
Tatran,
1990.
|
| Vydanie: | 1. vyd. |
| Edícia: | Ľudové umenie na Slovensku
zv. 16 |
| Témy: | |
| ISBN: |
8022201715 (viaz.) |
| Fyzický popis: |
171 s. : fotogr. ; 26 cm. |
| Tagy: |
Pridať tag
Žiadne tagy, Buďte prvý kto otaguje tento záznam!
|
Titul je dostupný aj v ... 

MARC
| LEADER | 00000nam a2200000 a 4500 | ||
|---|---|---|---|
| 001 | 000215213 | ||
| 005 | 20071113085459.0 | ||
| 008 | 060420s1990 xo o g 000 0 slo d | ||
| 020 | |a 8022201715 (viaz.) | ||
| 040 | |a SVKKK |b slo |c SVKKK |e AACR2 | ||
| 041 | 0 | |a slo |b rus |b eng |b ger | |
| 044 | |a xo |c SK | ||
| 072 | 7 | |a 39 |x Etnológia. Etnografia. Folklór |2 konspekt | |
| 080 | |a 398.3 |2 2001 | ||
| 080 | |a 688.75 |2 2001 | ||
| 080 | |a (437.6) |2 2001 | ||
| 080 | |a (084.11) |2 2001 | ||
| 100 | 1 | |a Slivka, Martin, |d 1928-2002 | |
| 245 | 1 | 0 | |a Ľudové masky / |c Martin Slivka ; fotografie Judita Csáderová a Jozef Grussmann. |
| 250 | |a 1. vyd. | ||
| 260 | |a Bratislava : |b Tatran, |c 1990. | ||
| 300 | |a 171 s. : |b fotogr. ; |c 26 cm. | ||
| 366 | |e 600 výtl. | ||
| 490 | 1 | |a Ľudové umenie na Slovensku |v zv. 16 | |
| 500 | |a Údaj o fotogr. prevzatý z tiráže | ||
| 500 | |a Poznámky | ||
| 546 | |a Resumé rus., nem., angl. | ||
| 650 | 0 | 7 | |a ľudové masky |2 SVKKKPH |
| 655 | 7 | |a obrazové publikácie |2 SVKKKPH | |
| 700 | 1 | |a Csáderová, Judita |4 pht | |
| 700 | 1 | |a Grussmann, Jozef |4 pht | |
| 830 | 0 | |a Ľudové umenie na Slovensku |v zv. 16 | |
| 910 | |a svkkk | ||
| 919 | |a 80-222-0171-5 | ||
| 998 | |a BK | ||
| 090 | |g SCKHL |k Sklad Pribinova 3. posch. |a V.173504 |j 817910 |i B52822 |s Vyradená | ||
| 090 | |g SCKHL |k Sklad Pribinova 3. posch. |a V.174133 |j 820547 |i 2720187672 |s Povinný výt. | ||
| 090 | |g SCKHL |k Sklad Hlavná 10 prízemie |a V.218331 |j 992592 |i 2720079876 |s Absenčne | ||